[Event "Paulista-ch"]
[Site "Americana"]
[Date "2005.07.03"]
[Round "6"]
[White "Yamamoto, Paulo de Carvalho"]
[Black "Rambaldi, Donizeti"]
[Result "0-1"]
[WhiteElo "2003"]
[BlackElo "2105"]
[PlyCount "92"]
[EventDate "2005.06.30"]
[EventType "swiss"]
[EventRounds "7"]
[EventCountry "BRA"]
[SourceTitle "EXT 2022"]
[Source "ChessBase"]
[SourceDate "2021.10.06"]
[SourceVersion "1"]
[SourceVersionDate "2021.10.06"]
[SourceQuality "1"]

1. e4 e5 2. Nf3 Nf6 3. d3 Nc6 4. Nc3 h6 5. g3 Bc5 6. Bg2 d6 7. Na4 Bb4+ 8. c3 Ba5 9. b4 Bb6 10. 0-0 0-0 11. Nxb6 axb6 12. Nd2 d5 13. f4 d4 14. Qb3 exf4 15. gxf4 Ng4 16. Nf3 Be6 17. c4 b5 18. f5 bxc4 19. dxc4 Bc8 20. b5 Na5 21. Qd3 Ne3 22. Bxe3 dxe3 23. Qc3 Qe7 24. Nd4 Qc5 25. f6 e2 26. Rf3 Rd8 27. Rd3 Be6 28. Kf2 Bxc4 29. Ke1 Qb6 30. Rd2 Qxf6 31. Nxe2 Qg5 32. Rxd8+ Qxd8 33. Nd4 Qg5 34. Kf2 Qf4+ 35. Kg1 Qe5 36. Rd1 Bxa2 37. Ra1 Nb3 38. Rd1 Nxd4 39. Rxd4 Qxb5 40. Qxc7 Qb1+ 41. Bf1 Be6 42. e5 Ra1 43. Qd8+ Kh7 44. Rf4 Bh3 45. Kf2 Qxf1+ 46. Kg3 Ra3+ 0-1

[Event "Paulista-ch"]
[Site "Americana"]
[Date "2005.07.02"]
[Round "5"]
[White "Rambaldi, Donizeti"]
[Black "Valente, Rodrigo de Deus"]
[Result "0-1"]
[WhiteElo "2105"]
[BlackElo "2119"]
[PlyCount "122"]
[EventDate "2005.06.30"]
[EventType "swiss"]
[EventRounds "7"]
[EventCountry "BRA"]
[SourceTitle "EXT 2022"]
[Source "ChessBase"]
[SourceDate "2021.10.06"]
[SourceVersion "1"]
[SourceVersionDate "2021.10.06"]
[SourceQuality "1"]

1. d4 Nf6 2. c4 e6 3. Nf3 b6 4. Nc3 Bb7 5. e3 Bb4 6. Be2 0-0 7. 0-0 d6 8. Nb1 d5 9. a3 Bd6 10. Nc3 Nbd7 11. cxd5 exd5 12. Nb5 Ne4 13. Nxd6 cxd6 14. Nd2 f5 15. f3 Nef6 16. Bd3 Qe8 17. Re1 Nh5 18. Nf1 Qf7 19. Qa4 Rfe8 20. Bb5 Re7 21. Bd2 a6 22. Bd3 Rc8 23. Rac1 Ree8 24. Rxc8 Rxc8 25. Rc1 Nb8 26. Rxc8+ Bxc8 27. Qc2 Qd7 28. Bb4 g6 29. Bxd6 Qxd6 30. Qxc8+ Kg7 31. Bxa6 f4 32. Bb5 fxe3 33. Qe8 e2 34. Qxe2 Nc6 35. Qe8 Nxd4 36. Qd7+ Qxd7 37. Bxd7 Kf6 38. Kf2 Ke7 39. Ba4 Kd6 40. Ke3 Nf5+ 41. Kd3 Nf4+ 42. Kd2 Nxg2 43. Bc2 Nd4 44. Bd1 Kc5 45. Kd3 Nf5 46. b4+ Kb5 47. Bb3 Ne1+ 48. Ke2 Nd4+ 49. Kxe1 Nxb3 50. Ne3 d4 51. Nd5 Ka4 52. Nxb6+ Kxa3 53. Nd7 Kxb4 54. Nf8 d3 55. Ne6 Kc3 56. Kd1 d2 57. Ng5 Kd3 58. Ne6 Ke3 59. f4 Na5 60. Nc5 Nc4 61. Na4 h5 0-1

[Event "Paulista-ch"]
[Site "Americana"]
[Date "2005.06.30"]
[Round "1"]
[White "Rambaldi, Donizeti"]
[Black "Wilhelms, Diego Lima"]
[Result "1-0"]
[WhiteElo "2105"]
[BlackElo "2201"]
[PlyCount "103"]
[EventDate "2005.06.30"]
[EventType "swiss"]
[EventRounds "7"]
[EventCountry "BRA"]
[SourceTitle "EXT 2022"]
[Source "ChessBase"]
[SourceDate "2021.10.06"]
[SourceVersion "1"]
[SourceVersionDate "2021.10.06"]
[SourceQuality "1"]

1. d4 d5 2. c4 c6 3. Nf3 Nf6 4. cxd5 cxd5 5. Nc3 Nc6 6. g3 e6 7. Bg2 Be7 8. 0-0 0-0 9. Bf4 a6 10. Rc1 Bd7 11. a3 b5 12. b4 Qb6 13. Qd3 Rfc8 14. e4 dxe4 15. Nxe4 Nxe4 16. Qxe4 a5 17. Be3 axb4 18. d5 exd5 19. Qxe7 Nxe7 20. Bxb6 bxa3 21. Nd4 Rxc1 22. Rxc1 a2 23. Nb3 b4 24. Bd4 Nc6 25. Bb2 Na5 26. Bxd5 Nxb3 27. Bxb3 Be6 28. Bxe6 fxe6 29. Kf1 Ra7 30. Ke2 Kf7 31. Kd2 Kg6 32. Ra1 Rc7 33. Rc1 Ra7 34. Re1 Kf5 35. Kc2 Kg4 36. Kb3 Kf3 37. Ra1 Rd7 38. Rxa2 Kxf2 39. Bxg7+ Kf3 40. Bf8 e5 41. Bxb4 e4 42. Kc4 h5 43. Ra5 Rc7+ 44. Rc5 Rd7 45. Rd5 Rh7 46. Bd6 Rd7 47. Bf4 Rxd5 48. Kxd5 e3 49. Bxe3 Kxe3 50. Ke5 Kf3 51. Kf5 Kg2 52. h4 1-0